[Event "Landesklasse West 2012/2013"]
[Site "?"]
[Date "2013.01.06"]
[Round "5"]
[White "Dittrich, Frank"]
[Black "Mäurer, Michael"]
[Result "1-0"]
[WhiteElo "1768"]
[BlackElo "1632"]
[PlyCount "69"]
[EventDate "2013.??.??"]
[WhiteTeam "Schachclub Rochade Leinefelde"]
[BlackTeam "Randspringer Bad Salzungen"]

1. e4 c6 2. d4 d5 3. exd5 cxd5 4. Bd3 Nc6 5. c3 Nf6 6. Nf3 Bg4 7. O-O Bxf3 8.
Qxf3 e6 9. Bf4 Bd6 10. Nd2 Bxf4 11. Qxf4 Ke7 12. Rfe1 Qd6 13. Qf3 h5 14. Nf1 g5
15. Ng3 Qd8 16. Re2 Kd7 17. Rae1 Rh6 18. Bb5 Qh8 19. c4 Qh7 20. cxd5 Nxd5 21.
Ne4 Qg7 22. Qa3 Qf8 23. Bxc6+ bxc6 24. Nc5+ Kc7 25. Qa5+ Kd6 26. Rc2 Qb8 27. a3
Qb5 28. Qxb5 cxb5 29. Ne4+ Ke7 30. Nxg5 Kf6 31. Ne4+ Ke7 32. h4 Rg6 33. Ng5
Rgg8 34. Rc5 a6 35. Rxd5 1-0

[Event "Landesklasse West 2012/2013"]
[Site "?"]
[Date "2013.01.27"]
[Round "6"]
[White "Messerschmidt, Nick"]
[Black "Hocke, Sebastian"]
[Result "1/2-1/2"]
[WhiteElo "1811"]
[BlackElo "2017"]
[PlyCount "103"]
[EventDate "2013.??.??"]
[WhiteTeam "SG Trusetal 92"]
[BlackTeam "ESV Lok Meiningen"]

1. d4 d5 2. c4 c6 3. Nf3 Nf6 4. Nc3 e6 5. e3 Nbd7 6. Bd3 dxc4 7. Bxc4 b5 8. Bd3
a6 9. O-O Bb7 10. Qe2 c5 11. Rd1 Qc7 12. e4 cxd4 13. Nxd4 Bd6 14. h3 Nc5 15.
Bxb5+ axb5 16. Ndxb5 Bh2+ 17. Kh1 Qb8 18. f4 Bxf4 19. Bxf4 Qxf4 20. Nd6+ Kf8
21. Qb5 Nfxe4 22. Nxb7 Nxb7 23. Qb4+ Nbc5 24. Nxe4 Qxe4 25. Qxc5+ Kg8 26. Rd4
Qf5 27. Qc7 g5 28. Kg1 Kg7 29. Rf1 Rhc8 30. Qe7 Qg6 31. Rd7 Rf8 32. a3 h6 33.
Qc5 Kg8 34. Qe5 Qg7 35. Qxg7+ Kxg7 36. Rf3 Kg6 37. b4 f5 38. Rd6 Kf6 39. Re3
Rfe8 40. b5 f4 41. Red3 Rec8 42. b6 Rc1+ 43. Kf2 Rb1 44. Rc6 Rb2+ 45. Kg1 Rb1+
46. Kh2 Kf5 47. Rdd6 Rxa3 48. Rxe6 Raa1 49. Rf6+ Ke4 50. Rfe6+ Kd4 51. Red6+
Ke5 52. Re6+ 1/2-1/2

[Event "Landesklasse West 2012/2013"]
[Site "?"]
[Date "2013.01.27"]
[Round "6"]
[White "Lehmann, Peter"]
[Black "Messerschmidt, Daniel"]
[Result "1-0"]
[WhiteElo "1885"]
[BlackElo "1784"]
[PlyCount "71"]
[EventDate "2013.??.??"]
[WhiteTeam "ESV Lok Meiningen"]
[BlackTeam "SG Trusetal 92"]

1. d4 d5 2. Nf3 Nf6 3. e3 e6 4. Nbd2 Bd6 5. Bd3 O-O 6. Qe2 Nbd7 7. e4 e5 8.
dxe5 Nxe5 9. Nxe5 Bxe5 10. O-O Qd6 11. g3 Bg4 12. Qe3 c5 13. exd5 Bh3 14. Ne4
Qxd5 15. Nxf6+ Bxf6 16. Be4 Qd7 17. Bg2 Rfe8 18. Qf3 Bxg2 19. Kxg2 Rad8 20. c3
Re5 21. Bf4 Rd5 22. Rfe1 c4 23. Re4 Qc6 24. Rae1 Rd3 25. Re8+ Qxe8 26. Rxe8+
Rxe8 27. Qxb7 g5 28. Be3 Rdd8 29. Qxa7 Ra8 30. Qb6 Re6 31. Qb4 Rxa2 32. Kf3 Be7
33. Qb5 h6 34. Bd4 Bf6 35. Bc5 Be7 36. Qe8+ 1-0

[Event "Landesklasse West 2012/2013"]
[Site "?"]
[Date "2013.01.27"]
[Round "6"]
[White "Willner, Holger"]
[Black "Grube, Jan"]
[Result "0-1"]
[WhiteElo "1838"]
[BlackElo "1819"]
[PlyCount "84"]
[EventDate "2013.??.??"]
[WhiteTeam "SG Trusetal 92"]
[BlackTeam "ESV Lok Meiningen"]

1. e4 c5 2. Nf3 Nc6 3. d4 cxd4 4. Nxd4 g6 5. Nc3 Bg7 6. Be3 d6 7. Be2 Nf6 8.
O-O O-O 9. Kh1 Nxd4 10. Bxd4 b6 11. f4 Bb7 12. Bd3 e6 13. Qe2 d5 14. e5 Nd7 15.
Qg4 Qe7 16. Rae1 Nc5 17. Rf3 Nxd3 18. Rxd3 Ba6 19. Rg3 Qb4 20. Qd1 Rac8 21. a3
Qc4 22. Rf3 Rc7 23. g4 Bc8 24. Rg1 f6 25. b3 Qc6 26. Rgf1 fxe5 27. fxe5 Ba6 28.
R1f2 Rcf7 29. Rxf7 Rxf7 30. Rxf7 Kxf7 31. Qf3+ Kg8 32. Kg1 Qc7 33. Kf2 Bxe5 34.
Bxe5 Qxe5 35. h3 Qh2+ 36. Ke1 Qxc2 37. Nxd5 Qc1+ 38. Kf2 Qd2+ 39. Kg3 Qxd5 40.
Qf4 e5 41. Qa4 Qb5 42. Qe4 Qd3+ 0-1

[Event "Landesklasse West 2012/2013"]
[Site "?"]
[Date "2013.01.27"]
[Round "6"]
[White "Von Otte, Wilhelm"]
[Black "Jung, Florian"]
[Result "1-0"]
[WhiteElo "1929"]
[BlackElo "1815"]
[PlyCount "57"]
[EventDate "2013.??.??"]
[WhiteTeam "ESV Lok Meiningen"]
[BlackTeam "SG Trusetal 92"]

1. e4 c5 2. c3 Nf6 3. e5 Nd5 4. Bc4 Nb6 5. Bb3 e6 6. Nf3 d5 7. d4 Nc6 8. Be3
cxd4 9. cxd4 Bb4+ 10. Nc3 Na5 11. Bc2 Nac4 12. Bc1 f6 13. exf6 Qxf6 14. O-O
Bxc3 15. bxc3 Bd7 16. a4 a5 17. Rb1 h6 18. Ne5 O-O-O 19. Qe2 Rde8 20. Ba3 Nxe5
21. dxe5 Qd8 22. Bd3 Bc6 23. Bb5 Qd7 24. Bd6 Bxb5 25. Rxb5 Nc4 26. Rfb1 b6 27.
Rxb6 Nxd6 28. Qa6+ Nb7 29. Qa8+ 1-0

[Event "Landesklasse West 2012/2013"]
[Site "?"]
[Date "2013.01.27"]
[Round "6"]
[White "Schley, Thomas"]
[Black "Scheftlein, Richard"]
[Result "1/2-1/2"]
[WhiteElo "1720"]
[BlackElo "1847"]
[PlyCount "102"]
[EventDate "2013.??.??"]
[WhiteTeam "SG Trusetal 92"]
[BlackTeam "ESV Lok Meiningen"]

1. d4 Nf6 2. Nf3 d5 3. g3 Bg4 4. Bg2 Nbd7 5. O-O e6 6. c3 Bd6 7. Re1 O-O 8.
Nbd2 c5 9. Qc2 Bf5 10. Qb3 Qc7 11. Nh4 Bg6 12. e4 cxd4 13. cxd4 Bxe4 14. Nxe4
Nxe4 15. Bxe4 dxe4 16. Rxe4 Nf6 17. Re2 Nd5 18. Be3 Rac8 19. Rc1 Qd7 20. Rec2
Rxc2 21. Rxc2 a6 22. Nf3 Bb8 23. Ne5 Qe7 24. Nd3 Bd6 25. Nc5 b6 26. Ne4 Bb8 27.
Qc4 h6 28. a3 Qa7 29. Nc3 Rd8 30. Nxd5 Rxd5 31. Qc8+ Kh7 32. Qe8 Bd6 33. Rc8
Kg6 34. Qc6 a5 35. a4 Bb4 36. b3 Rd6 37. Qe4+ f5 38. Qc2 Qb7 39. Qc7 Qxc7 40.
Rxc7 Kf6 41. Rc4 g5 42. Kf1 e5 43. dxe5+ Kxe5 44. f4+ Kf6 45. Bd4+ Ke6 46. Bc3
Bc5 47. b4 axb4 48. Bxb4 Rd4 49. Rxd4 Bxd4 50. a5 bxa5 51. Bxa5 Kd5 1/2-1/2

[Event "Landesklasse West 2012/2013"]
[Site "?"]
[Date "2013.01.27"]
[Round "6"]
[White "Weiß, Daniel"]
[Black "Zentgraf, Torsten"]
[Result "1-0"]
[WhiteElo "1785"]
[BlackElo "1671"]
[PlyCount "73"]
[EventDate "2013.??.??"]
[WhiteTeam "ESV Lok Meiningen"]
[BlackTeam "SG Trusetal 92"]

1. e4 c6 2. d4 g6 3. g3 Bg7 4. Bg2 d6 5. Nc3 Nf6 6. Nge2 O-O 7. h3 Nbd7 8. Be3
Qc7 9. a4 Nb6 10. b3 e5 11. Qd3 a6 12. Rd1 Be6 13. O-O Rad8 14. g4 c5 15. d5
Bc8 16. Ng3 Ne8 17. Nce2 f6 18. c3 Rf7 19. a5 Nd7 20. b4 c4 21. Qb1 Qb8 22. Qa2
b5 23. axb6 Nxb6 24. Qa5 Rb7 25. Qxa6 Nc7 26. Qa2 Ra7 27. Qd2 Bd7 28. f4 Nb5
29. fxe5 fxe5 30. Rf2 Ra3 31. Rdf1 Na4 32. Rf7 Naxc3 33. Rxg7+ Kxg7 34. Bh6+
Kg8 35. Qg5 Nxe2+ 36. Nxe2 Bxg4 37. Qe7 1-0

[Event "Landesklasse West 2012/2013"]
[Site "?"]
[Date "2013.01.27"]
[Round "6"]
[White "Voigt, Uwe"]
[Black "Jörges, Frank"]
[Result "0-1"]
[WhiteElo "1514"]
[BlackElo "1812"]
[PlyCount "76"]
[EventDate "2013.??.??"]
[WhiteTeam "SG Trusetal 92"]
[BlackTeam "ESV Lok Meiningen"]

1. e4 d5 2. exd5 Qxd5 3. Nc3 Qd6 4. Nf3 Nf6 5. b3 a6 6. Bb2 Bg4 7. Be2 Nc6 8.
h3 Bh5 9. d3 e6 10. O-O Bg6 11. Qd2 Be7 12. Ne4 Nxe4 13. dxe4 Bxe4 14. Bxg7 Rg8
15. Qxd6 cxd6 16. Bb2 Bxc2 17. Rac1 Bf5 18. Kh1 Kd7 19. Rc4 d5 20. Rd1 Bd6 21.
Rcc1 Bf4 22. Rc5 Rac8 23. Nh4 Be4 24. Bf3 Bxf3 25. Nxf3 b6 26. Rc2 Nb4 27. Rxc8
Rxc8 28. g3 Bd6 29. Ng5 Rc2 30. Bd4 Bc5 31. Bxc5 bxc5 32. Nxf7 Rxf2 33. Ne5+
Kc7 34. a3 Nc6 35. Nxc6 Kxc6 36. Rd3 e5 37. Kg1 Ra2 38. b4 c4 0-1

[Event "Landesklasse West 2012/2013"]
[Site "?"]
[Date "2013.01.27"]
[Round "6"]
[White "Webel, Jannik"]
[Black "Hepp, Ingolf"]
[Result "1-0"]
[WhiteElo "1529"]
[BlackElo "1477"]
[PlyCount "49"]
[EventDate "2013.??.??"]
[WhiteTeam "ESV Lok Meiningen"]
[BlackTeam "SG Trusetal 92"]

1. d4 d5 2. c4 e6 3. Nf3 Nf6 4. Nc3 c6 5. cxd5 exd5 6. Bg5 Be7 7. Qc2 h6 8. Bh4
Nbd7 9. e3 O-O 10. Bd3 Nh5 11. Bxe7 Qxe7 12. O-O-O Nhf6 13. h3 Re8 14. Nd2 Nf8
15. Rdg1 g6 16. g4 N6h7 17. Nf3 Be6 18. Ne5 Kg7 19. Nd1 Rac8 20. Kb1 c5 21. Nc3
a6 22. f4 c4 23. Be2 f5 24. gxf5 Bxf5 25. Qxf5 1-0

[Event "Landesklasse West 2012/2013"]
[Site "?"]
[Date "2013.01.27"]
[Round "6"]
[White "Rockstuhl, Reiner"]
[Black "Essegern, Kurt"]
[Result "1/2-1/2"]
[WhiteElo "1775"]
[BlackElo "1952"]
[PlyCount "29"]
[EventDate "2013.??.??"]
[WhiteTeam "Schachclub 1998 Gotha"]
[BlackTeam "Randspringer Bad Salzungen"]

1. e4 c5 2. Nf3 Nc6 3. d4 cxd4 4. Nxd4 g6 5. Nc3 Bg7 6. Be3 Nf6 7. Be2 O-O 8.
O-O d5 9. exd5 Nxd5 10. Nxd5 Qxd5 11. Bf3 Qc4 12. Nxc6 bxc6 13. c3 Be6 14. Be2
Qe4 15. Bf3 1/2-1/2

[Event "Landesklasse West 2012/2013"]
[Site "?"]
[Date "2013.01.27"]
[Round "6"]
[White "Feldmann, Bernd"]
[Black "Wenke, Robert"]
[Result "1/2-1/2"]
[WhiteElo "1817"]
[BlackElo "1543"]
[PlyCount "30"]
[EventDate "2013.??.??"]
[WhiteTeam "Randspringer Bad Salzungen"]
[BlackTeam "Schachclub 1998 Gotha"]

1. d4 Nf6 2. c4 g6 3. Nc3 Bg7 4. e4 d6 5. Be2 O-O 6. f4 e6 7. Nf3 Nfd7 8. O-O
c5 9. d5 Nb6 10. Be3 exd5 11. cxd5 Re8 12. Bd3 Bxc3 13. bxc3 Nxd5 14. Bd2 Nb6
15. f5 Nc6 1/2-1/2

[Event "Landesklasse West 2012/2013"]
[Site "?"]
[Date "2013.01.27"]
[Round "6"]
[White "Müller, Martin"]
[Black "Kunze, Heinz"]
[Result "1/2-1/2"]
[WhiteElo "1375"]
[BlackElo "1733"]
[PlyCount "35"]
[EventDate "2013.??.??"]
[WhiteTeam "Schachclub 1998 Gotha"]
[BlackTeam "Randspringer Bad Salzungen"]

1. d4 Nf6 2. c4 g6 3. Nc3 Bg7 4. e4 d6 5. Nf3 O-O 6. Be2 Nbd7 7. O-O e5 8. d5
Nc5 9. Bg5 a5 10. b3 Bd7 11. Ne1 h6 12. Bxf6 Bxf6 13. Rc1 h5 14. Nd3 Nxd3 15.
Qxd3 Bg5 16. Rc2 Qf6 17. Bd1 Bh6 18. Ne2 1/2-1/2

[Event "Landesklasse West 2012/2013"]
[Site "?"]
[Date "2013.01.27"]
[Round "6"]
[White "Wiefel, Erik"]
[Black "Langlotz, Tobias"]
[Result "1/2-1/2"]
[WhiteElo "1760"]
[BlackElo "1174"]
[PlyCount "49"]
[EventDate "2013.??.??"]
[WhiteTeam "Randspringer Bad Salzungen"]
[BlackTeam "Schachclub 1998 Gotha"]

1. e4 b6 2. d4 e6 3. Bd3 Bb7 4. Nc3 Bb4 5. Nge2 Nf6 6. Bg5 h6 7. Bh4 g5 8. Bg3
Nxe4 9. a3 Bxc3+ 10. bxc3 Nxg3 11. Nxg3 Bxg2 12. Rg1 Bb7 13. Qh5 Qf6 14. Qe2 d6
15. Nh5 Qf3 16. O-O-O Qxe2 17. Bxe2 Nd7 18. f4 O-O-O 19. fxg5 hxg5 20. Rxg5 f5
21. Rdg1 Rhf8 22. Ng7 Rf6 23. Nh5 Rf7 24. Ng7 Nf8 25. h4 1/2-1/2

[Event "Landesklasse West 2012/2013"]
[Site "?"]
[Date "2013.01.27"]
[Round "6"]
[White "Recknagel, Michael"]
[Black "Geißhirt, Marco"]
[Result "1-0"]
[WhiteElo "2179"]
[BlackElo "1919"]
[PlyCount "69"]
[EventDate "2013.??.??"]
[WhiteTeam "SC Suhl"]
[BlackTeam "SG Barchfeld/Breitungen"]

1. e4 c6 2. d3 d5 3. Nd2 e5 4. Ngf3 Qc7 5. g3 Nf6 6. Bg2 Be7 7. O-O b5 8. Qe2
d4 9. Ne1 Bg4 10. f3 Bh5 11. a4 b4 12. Nc4 Nbd7 13. g4 Bg6 14. f4 h5 15. g5 Ng4
16. f5 Bh7 17. h3 Ne3 18. Nxe3 dxe3 19. Bxe3 Bg8 20. Nf3 f6 21. Qf2 c5 22. c3
bxc3 23. bxc3 Qa5 24. Rfc1 Bb3 25. d4 c4 26. dxe5 Nxe5 27. Nxe5 Qxe5 28. Bd4
Qc7 29. e5 O-O-O 30. gxf6 gxf6 31. exf6 Rxd4 32. fxe7 Rf4 33. Qe3 Re8 34. Qe6+
Kb8 35. f6 1-0

[Event "Landesklasse West 2012/2013"]
[Site "?"]
[Date "2013.01.27"]
[Round "6"]
[White "Feld-Gerdes, Wolfgang"]
[Black "Reum, Lutz"]
[Result "1-0"]
[WhiteElo "2009"]
[BlackElo "1855"]
[PlyCount "109"]
[EventDate "2013.??.??"]
[WhiteTeam "SC Suhl"]
[BlackTeam "SG Barchfeld/Breitungen"]

1. e4 d5 2. Nc3 c6 3. d4 dxe4 4. Nxe4 Nd7 5. Bc4 Ndf6 6. Ng5 e6 7. N1f3 h6 8.
Nh3 Bd6 9. Nf4 Qc7 10. Nd3 Ne7 11. Nde5 Ned5 12. O-O O-O 13. Qe2 c5 14. dxc5
Bxc5 15. a3 a6 16. Bd3 b5 17. Bd2 Bb7 18. b4 Bd6 19. c4 bxc4 20. Bxc4 Qe7 21.
Rac1 Ra7 22. Bd3 Rfa8 23. Nc6 Bxc6 24. Rxc6 a5 25. Rfc1 axb4 26. Rc8+ Rxc8 27.
Rxc8+ Ne8 28. axb4 Ndc7 29. b5 Qd7 30. Rb8 Ra1+ 31. Be1 Nd5 32. Ne5 Qc7 33. Nc6
Qd7 34. Rd8 Qxd8 35. Nxd8 Bb4 36. Qf3 Rxe1+ 37. Bf1 Nef6 38. g3 Bc5 39. Nc6 Bb6
40. Qa3 g6 41. Ne7+ Nxe7 42. Qxe7 Nd5 43. Qe8+ Kg7 44. Qc6 Rd1 45. Qc2 Rd4 46.
Bg2 Nf6 47. Bf3 Rd6 48. Qb3 g5 49. Kf1 Kg6 50. h3 Nd7 51. Be4+ f5 52. Bc2 e5
53. g4 e4 54. gxf5+ Kxf5 55. Qf3+ 1-0

[Event "Landesklasse West 2012/2013"]
[Site "?"]
[Date "2013.01.27"]
[Round "6"]
[White "Crivellaro, Heiko"]
[Black "Berghof, Axel"]
[Result "0-1"]
[WhiteElo "1815"]
[BlackElo "2010"]
[PlyCount "88"]
[EventDate "2013.??.??"]
[WhiteTeam "SG Barchfeld/Breitungen"]
[BlackTeam "SC Suhl"]

1. f4 e5 2. fxe5 d6 3. Nf3 dxe5 4. e4 Be6 5. d3 Bc5 6. Qe2 f6 7. Be3 Bb6 8. Nc3
Ne7 9. Qf2 Nbc6 10. a3 Nd4 11. Bxd4 exd4 12. Na4 c5 13. Nxb6 Qxb6 14. b3 O-O
15. Qd2 f5 16. Be2 Qc6 17. Ne5 Qd6 18. Nf3 Qc6 19. Ne5 Qc7 20. Nf3 Rf6 21. O-O
Rh6 22. Rf2 Rf8 23. Kf1 Bd7 24. c3 Nc6 25. exf5 Rxf5 26. g3 Rhf6 27. Kg1 dxc3
28. Qa2 Nd4 29. Raf1 c2 30. Nxd4 Rxf2 31. Qxc2 Rxf1+ 32. Bxf1 Qe5 33. Qc4+ Kh8
34. Nc2 Bc6 35. Qg4 h6 36. Bg2 Bxg2 37. Kxg2 Qd5+ 38. Qe4 Qxb3 39. Ne3 Qa2+ 40.
Kh1 Qf2 41. Qe8+ Rf8 42. Qe4 b6 43. g4 Qe1+ 44. Kg2 Rf2+ 0-1

[Event "Landesklasse West 2012/2013"]
[Site "?"]
[Date "2013.01.27"]
[Round "6"]
[White "Koch, Stefan"]
[Black "Heß, Wolfgang"]
[Result "1-0"]
[WhiteElo "1868"]
[BlackElo "1742"]
[PlyCount "63"]
[EventDate "2013.??.??"]
[WhiteTeam "SC Suhl"]
[BlackTeam "SG Barchfeld/Breitungen"]

1. d4 d5 2. Nf3 Nf6 3. Bf4 e6 4. e3 Nbd7 5. Nbd2 Be7 6. Be2 c6 7. O-O O-O 8. h3
b6 9. Ne5 Bb7 10. Bh2 c5 11. c3 Nxe5 12. Bxe5 Nd7 13. Bh2 a6 14. f4 f5 15. g4
Nf6 16. Bg3 Ne4 17. Nxe4 dxe4 18. Kh2 Kh8 19. Rg1 Qc7 20. Rc1 Rfd8 21. Qe1 Re8
22. gxf5 exf5 23. Bh4 Bxh4 24. Qxh4 Qe7 25. Qxe7 Rxe7 26. dxc5 Rd7 27. Rcd1
Rad8 28. cxb6 Rd2 29. Kg3 g6 30. Kf2 R8d5 31. Rxd2 Rxd2 32. Rd1 1-0

[Event "Landesklasse West 2012/2013"]
[Site "?"]
[Date "2013.01.27"]
[Round "6"]
[White "Abe, Rico"]
[Black "Fuhrmann, Christian"]
[Result "1/2-1/2"]
[WhiteElo "1709"]
[BlackElo "1797"]
[PlyCount "33"]
[EventDate "2013.??.??"]
[WhiteTeam "SG Barchfeld/Breitungen"]
[BlackTeam "SC Suhl"]

1. e4 c5 2. Nf3 Nc6 3. d4 cxd4 4. Nxd4 Nf6 5. Nc3 d6 6. Bg5 e6 7. Be2 Be7 8.
Qd2 O-O 9. Be3 a6 10. O-O Qc7 11. Rfd1 Bd7 12. f3 b5 13. Nxc6 Bxc6 14. a3 Rfd8
15. Qe1 Rab8 16. Bd3 Nd7 17. Qg3 1/2-1/2

[Event "Landesklasse West 2012/2013"]
[Site "?"]
[Date "2013.01.27"]
[Round "6"]
[White "Will, Ralph"]
[Black "Kleinsteuber, Erik"]
[Result "0-1"]
[WhiteElo "1747"]
[BlackElo "1650"]
[PlyCount "112"]
[EventDate "2013.??.??"]
[WhiteTeam "SC Suhl"]
[BlackTeam "SG Barchfeld/Breitungen"]

1. d4 d5 2. c4 e6 3. Nf3 Nf6 4. g3 Nbd7 5. cxd5 exd5 6. Bg2 c6 7. O-O g6 8. Nc3
Bg7 9. Re1 O-O 10. Qc2 Nb6 11. b3 Bf5 12. Qd1 Re8 13. Bb2 Rc8 14. Rc1 Bh6 15.
e3 Bg4 16. h3 Be6 17. Nd2 Qd7 18. Kh2 Bg7 19. Ne2 Bf5 20. Nf4 Ne4 21. f3 Nxd2
22. Qxd2 Rcd8 23. e4 Be6 24. Rcd1 Bh6 25. Qf2 Qd6 26. Nd3 Nd7 27. e5 Qe7 28. f4
Bf5 29. g4 Bxd3 30. Rxd3 Rc8 31. f5 Nf8 32. Rf1 Qc7 33. Qh4 Bg7 34. Qg3 b6 35.
Rdf3 Nd7 36. R3f2 Rb8 37. Ba3 Rbc8 38. Bd6 Qd8 39. Re2 Bf8 40. fxg6 hxg6 41.
Qf4 f6 42. Bxf8 g5 43. Qf5 Nxf8 44. e6 Qd6+ 45. Kh1 Rxe6 46. Rc2 Rce8 47. Rfc1
Qd7 48. b4 b5 49. Rc3 Kg7 50. a3 Rd8 51. Rf1 Qe7 52. Rc2 Ng6 53. Rc3 Nh4 54.
Qb1 Nxg2 55. Kxg2 Re2+ 56. Kh1 Qd6 0-1

[Event "Landesklasse West 2012/2013"]
[Site "?"]
[Date "2013.01.27"]
[Round "6"]
[White "Jäger, Willy"]
[Black "Müller, Bernd"]
[Result "0-1"]
[WhiteElo "1404"]
[BlackElo "1720"]
[PlyCount "48"]
[EventDate "2013.??.??"]
[WhiteTeam "SG Barchfeld/Breitungen"]
[BlackTeam "SC Suhl"]

1. c4 f5 2. d4 Nf6 3. g3 e6 4. Bg2 Be7 5. Nc3 O-O 6. Nf3 c6 7. O-O d5 8. c5
Nbd7 9. b4 a5 10. Rb1 axb4 11. Rxb4 Ne4 12. Na4 b5 13. cxb6 Bxb4 14. Qb3 Nxb6
15. Nxb6 Qxb6 16. a3 Ba5 17. Qxb6 Bxb6 18. e3 Ba6 19. Rd1 Ba5 20. Bf1 Bxf1 21.
Kxf1 Rab8 22. Ne5 Rfc8 23. f3 Nc3 24. Rd3 Rb1 0-1

[Event "Landesklasse West 2012/2013"]
[Site "?"]
[Date "2013.01.27"]
[Round "6"]
[White "Klingler, Lutz"]
[Black "Moise, Adrian"]
[Result "1/2-1/2"]
[WhiteElo "1979"]
[BlackElo "2169"]
[PlyCount "23"]
[EventDate "2013.??.??"]
[WhiteTeam "SV Schmalkalden 04"]
[BlackTeam "SV Ammern"]

1. f4 c5 2. Nf3 Nc6 3. e4 d6 4. Bb5 Bd7 5. Nc3 g6 6. O-O Bg7 7. d3 a6 8. Bxc6
Bxc6 9. Kh1 Nf6 10. e5 Nd5 11. Ne4 Qd7 12. Qe2 1/2-1/2

[Event "Landesklasse West 2012/2013"]
[Site "?"]
[Date "2013.01.27"]
[Round "6"]
[White "Wegerich, Michael"]
[Black "Bamberg, Alexander"]
[Result "1/2-1/2"]
[WhiteElo "2040"]
[BlackElo "1855"]
[PlyCount "30"]
[EventDate "2013.??.??"]
[WhiteTeam "SV Ammern"]
[BlackTeam "SV Schmalkalden 04"]

1. c4 c5 2. Nf3 Nc6 3. d4 cxd4 4. Nxd4 Nxd4 5. Qxd4 d6 6. Nc3 Nf6 7. e4 g6 8.
Be2 Bg7 9. Be3 O-O 10. Qd2 Be6 11. f3 a6 12. Rc1 Rc8 13. b3 Re8 14. O-O Qa5 15.
Rfd1 Nd7 1/2-1/2

[Event "Landesklasse West 2012/2013"]
[Site "?"]
[Date "2013.01.27"]
[Round "6"]
[White "Lesser, Thomas"]
[Black "Kampfhenkel, Ulrich"]
[Result "1-0"]
[WhiteElo "1845"]
[BlackElo "1986"]
[PlyCount "143"]
[EventDate "2013.??.??"]
[WhiteTeam "SV Schmalkalden 04"]
[BlackTeam "SV Ammern"]

1. e4 e5 2. Nc3 Nf6 3. Bc4 Bc5 4. d3 d6 5. Be3 Bb6 6. Nd5 Nxd5 7. Bxd5 O-O 8.
Qh5 Bxe3 9. fxe3 c6 10. Bb3 Qb6 11. Qe2 a5 12. a4 Be6 13. Ra3 Na6 14. Nf3 Nc5
15. Nd2 Bxb3 16. Nxb3 Ne6 17. O-O d5 18. exd5 cxd5 19. c3 f5 20. d4 e4 21. g3
Rac8 22. Nc1 Rc4 23. Qc2 Qd8 24. Ne2 g5 25. Rb3 f4 26. gxf4 gxf4 27. Nxf4 Nxf4
28. Rxf4 Rxf4 29. exf4 Rxa4 30. Qg2+ Kh8 31. Rxb7 Ra1+ 32. Kf2 Qh4+ 33. Qg3
Qxg3+ 34. hxg3 Rb1 35. f5 a4 36. Rb4 Kg7 37. Ke3 Kf6 38. Rxa4 Kxf5 39. Ra5 Ke6
40. Ra6+ Ke7 41. Rb6 Rf1 42. Rb7+ Ke6 43. Rxh7 Rf3+ 44. Ke2 Rxg3 45. Rb7 Rg2+
46. Ke3 Rg3+ 47. Kf2 Rh3 48. Rb8 Rd3 49. Ke2 Rh3 50. Rb6+ Ke7 51. Kd2 Kd7 52.
b4 Kc7 53. Re6 Kd7 54. Re5 Rh2+ 55. Kc1 Kc6 56. Kd1 Kb5 57. Rxd5+ Kc4 58. Re5
Kd3 59. Ke1 e3 60. Kf1 Rb2 61. d5 Rb1+ 62. Kg2 Rb2+ 63. Kg3 Kxc3 64. Rxe3+ Kxb4
65. Rd3 Kc5 66. d6 Rb8 67. Kf4 Rd8 68. Ke5 Kc6 69. Rc3+ Kd7 70. Rc7+ Ke8 71.
Ke6 Ra8 72. Rh7 1-0

[Event "Landesklasse West 2012/2013"]
[Site "?"]
[Date "2013.01.27"]
[Round "6"]
[White "Kurze, Christoph"]
[Black "Klein, Matthias"]
[Result "1-0"]
[WhiteElo "1913"]
[BlackElo "1757"]
[PlyCount "109"]
[EventDate "2013.??.??"]
[WhiteTeam "SV Ammern"]
[BlackTeam "SV Schmalkalden 04"]

1. e4 g6 2. d4 Bg7 3. f4 c5 4. d5 d6 5. Nf3 Nf6 6. Nc3 O-O 7. Be2 a6 8. a4 e6
9. dxe6 fxe6 10. e5 dxe5 11. Qxd8 Rxd8 12. fxe5 Ng4 13. Bg5 Re8 14. Ne4 Nc6 15.
Nxc5 Ngxe5 16. O-O-O Nxf3 17. Bxf3 h6 18. Be3 e5 19. Rd6 Kh7 20. Bxc6 bxc6 21.
Rxc6 Bf8 22. Rc7+ Re7 23. Rxe7+ Bxe7 24. Nd3 Bb7 25. Rf1 Rf8 26. Rxf8 Bxf8 27.
g3 Bd6 28. c4 e4 29. Nf2 Bb4 30. Kc2 h5 31. Nh3 Bc6 32. b3 Kg7 33. Bd4+ Kh6 34.
Kd1 g5 35. Ke2 Kg6 36. Ke3 Be1 37. Ng1 Kf5 38. Ne2 Kg4 39. Bf6 h4 40. gxh4 gxh4
41. Be7 h3 42. Bd6 Bh4 43. Nd4 Bg5+ 44. Ke2 Bd7 45. c5 Bf4 46. c6 Bc8 47. Bxf4
Kxf4 48. b4 Bg4+ 49. Kf2 e3+ 50. Kf1 Ke4 51. b5 axb5 52. axb5 Kxd4 53. b6 Kd3
54. Ke1 Bf3 55. b7 1-0

[Event "Landesklasse West 2012/2013"]
[Site "?"]
[Date "2013.01.27"]
[Round "6"]
[White "Krannich, Steffen"]
[Black "Schorch, Rüdiger"]
[Result "1/2-1/2"]
[WhiteElo "1818"]
[BlackElo "1908"]
[PlyCount "35"]
[EventDate "2013.??.??"]
[WhiteTeam "SV Schmalkalden 04"]
[BlackTeam "SV Ammern"]

1. d4 d5 2. Nf3 c6 3. g3 Nf6 4. c4 dxc4 5. Bg2 e6 6. O-O Nbd7 7. Qc2 Nb6 8.
Nbd2 Be7 9. Nxc4 Nxc4 10. Qxc4 O-O 11. Bf4 Nd5 12. Bd2 Bd7 13. e4 Nf6 14. Rfe1
a5 15. Rad1 b5 16. Qc2 Qb6 17. Be3 Qb7 18. Ne5 1/2-1/2

[Event "Landesklasse West 2012/2013"]
[Site "?"]
[Date "2013.01.27"]
[Round "6"]
[White "Salaske, Peter"]
[Black "Burkhardt, Christian"]
[Result "1/2-1/2"]
[WhiteElo "1790"]
[BlackElo "1717"]
[PlyCount "24"]
[EventDate "2013.??.??"]
[WhiteTeam "SV Ammern"]
[BlackTeam "SV Schmalkalden 04"]

1. d4 d5 2. Nf3 Nf6 3. e3 e6 4. Bd3 Bd6 5. b3 O-O 6. Bb2 Nbd7 7. O-O Qe7 8. Ne5
c6 9. Nd2 Ba3 10. Bxa3 Qxa3 11. f4 Qd6 12. Rf3 Re8 1/2-1/2

[Event "Landesklasse West 2012/2013"]
[Site "?"]
[Date "2013.01.27"]
[Round "6"]
[White "Weigend, Joachim"]
[Black "Breuer, Harald"]
[Result "1/2-1/2"]
[WhiteElo "1777"]
[BlackElo "1776"]
[PlyCount "31"]
[EventDate "2013.??.??"]
[WhiteTeam "SV Schmalkalden 04"]
[BlackTeam "SV Ammern"]

1. c4 Nf6 2. Nc3 g6 3. e4 d6 4. d4 Bg7 5. Bg5 c5 6. d5 O-O 7. Be2 a6 8. Qd2 Re8
9. Nf3 Nbd7 10. O-O Rb8 11. Rfe1 Qa5 12. a4 Qb4 13. Qc2 Qa5 14. Bd2 Qc7 15. h3
Nf8 16. Bf4 1/2-1/2

[Event "Landesklasse West 2012/2013"]
[Site "?"]
[Date "2013.01.27"]
[Round "6"]
[White "Hentrich, Jörg"]
[Black "Röder, Detlef"]
[Result "1/2-1/2"]
[WhiteElo "1754"]
[BlackElo "1629"]
[PlyCount "95"]
[EventDate "2013.??.??"]
[WhiteTeam "SV Ammern"]
[BlackTeam "SV Schmalkalden 04"]

1. e4 e5 2. f4 exf4 3. Nf3 g5 4. h4 g4 5. Ne5 Qe7 6. Nxg4 Qxe4+ 7. Qe2 f5 8.
Nf2 Qxe2+ 9. Bxe2 d5 10. Bh5+ Kd8 11. d4 Nf6 12. Bf3 Bd6 13. O-O Nc6 14. c3 Ne7
15. Nd3 Be6 16. Bxf4 Bxf4 17. Nxf4 Bf7 18. h5 Kd7 19. Nd2 Rae8 20. b3 c6 21. c4
Ne4 22. Rad1 Nxd2 23. Rxd2 dxc4 24. d5 cxd5 25. bxc4 Rc8 26. cxd5 Kd6 27. Re1
Rhe8 28. Kf2 Ng8 29. Rxe8 Rxe8 30. Ne6 Nf6 31. Nd4 Ne4+ 32. Bxe4 fxe4 33. Nf5+
Ke5 34. Ne3 Rd8 35. g4 Bxd5 36. Nxd5 Rxd5 37. Rxd5+ Kxd5 38. Ke3 Ke5 39. g5 Kf5
40. g6 hxg6 41. hxg6 Kxg6 42. Kxe4 Kf6 43. Kd5 Ke7 44. Kc5 Ke6 45. a4 Kd7 46.
Kd5 b6 47. a5 b5 48. a6 1/2-1/2